| 000 | 01053nab a22002297a 4500 | ||
|---|---|---|---|
| 999 |
_c5669 _d5669 |
||
| 003 | OSt | ||
| 005 | 20251226220442.0 | ||
| 008 | 190603e xxum|||| |||| 00| 0 spa d | ||
| 040 | _cPJ | ||
| 100 |
_95579 _aCaamaño, Carlos R. |
||
| 245 | 1 | 3 |
_aEl deber de confidencialidad tutelado en el Código Civil y Comercial de la Nación / _cCarlos R. Caamaño. |
| 260 |
_cCiudad Autónoma de Buenos Aires : _aThomson Reuters La Ley, _b2025. |
||
| 300 | _ap. 253-260 | ||
| 500 | _aCita: TR LALEY AR/DOC/1039/2025 Publicado en: RCCyC 2025 (junio). | ||
| 505 | _aSumario: I. Introducción.— II. Preguntas frecuentes. Respuestas valorativas.— III. Conclusión. | ||
| 505 | _t¿Te interesa el texto completo? Solicitalo al correo: koha@justierradelfuego.gov.ar | ||
| 650 | 0 |
_91497 _aCODIGO CIVIL Y COMERCIAL |
|
| 650 | 0 |
_93463 _aCONTRATOS |
|
| 650 | 0 |
_93726 _aRESPONSABILIDAD CONTRACTUAL |
|
| 773 | 0 |
_02713 _93170 _dCiudad Autónoma de Buenos Aires : Thomson Reuters La Ley, 2015- _tRevista Código Civil y Comercial. Nº 3 - Junio 2025 |
|
| 942 |
_2udc _cANA |
||